Music Quiz

Random Music Quiz

Daft Punk Technologic Verbs Quiz Stats

Quiz not verified by Sporcle

Also try: Band Name Origins
Challenge
Share
Tweet
Embed
Score 0/55 Timer 18:00
1 Play Today
% Correct
buy
89.5%
fix
85.3%
break
83.2%
use
80%
upgrade
69.5%
trash
63.2%
zoom
61.1%
change
58.9%
rewrite
55.8%
work
54.7%
paste
54.7%
point
53.7%
erase
53.7%
unzip
53.7%
charge
51.6%
snap
51.6%
cut
51.6%
write
50.5%
lock
49.5%
press
48.4%
save
47.4%
rename
47.4%
print
46.3%
burn
44.2%
scroll
44.2%
load
42.1%
check
42.1%
name
42.1%
% Correct
send
42.1%
touch
42.1%
play
41.1%
format
41.1%
unlock
40%
code
38.9%
surf
38.9%
update
38.9%
tune
38.9%
scan
38.9%
plug
37.9%
rip
37.9%
click
37.9%
watch
37.9%
turn
36.8%
leave
36.8%
fill
35.8%
view
34.7%
find
33.7%
bring
33.7%
pay
32.6%
crack
31.6%
pause
29.5%
cross
29.5%
drag and drop
27.4%
call
26.3%
rate
24.2%

You're not logged in!

Compare scores with friends on all Sporcle quizzes.
Sign Up with Email
OR
Log In

You Might Also Like...

Show Comments

Extras

Top Quizzes Today


Score Distribution

Your Account Isn't Verified!

In order to create a playlist on Sporcle, you need to verify the email address you used during registration. Go to your Sporcle Settings to finish the process.